[Event "Petroupoli op 5th"]
[Site "Petroupoli"]
[Date "2012.09.12"]
[Round "2"]
[White "Viazis, Gerasimos"]
[Black "Papathanasopoulos, Nikolaos"]
[Result "0-1"]
[WhiteElo "1394"]
[BlackElo "1668"]
[PlyCount "104"]
[EventDate "2012.09.08"]
[EventType "swiss"]
[EventRounds "7"]
[EventCountry "GRE"]
[SourceTitle "CBM 150 Extra"]
[Source "ChessBase"]
[SourceDate "2012.10.19"]
[SourceVersion "1"]
[SourceVersionDate "2012.10.19"]
[SourceQuality "1"]

1. e4 d6 2. Nf3 c5 3. Nc3 Nf6 4. d4 cxd4 5. Nxd4 a6 6. Bd3 g6 7. 0-0 Bg7 8. Bg5 0-0 9. Qd2 Ng4 10. Nf3 Nc6 11. h3 Nge5 12. Nxe5 Nxe5 13. f4 Qb6+ 14. Kh1 Nxd3 15. cxd3 e6 16. Rab1 Bd7 17. f5 gxf5 18. exf5 exf5 19. Nd5 Qd4 20. Ne7+ Kh8 21. Nxf5 Bxf5 22. Rxf5 Rae8 23. Bh6 Re6 24. Bxg7+ Qxg7 25. Qc3 f6 26. Rbf1 Re2 27. R5f2 Re5 28. b4 Rg8 29. Qd4 Qe7 30. Rxf6 Qg7 31. R6f2 Qg6 32. a3 h6 33. Kh2 Kh7 34. Qh4 Rg5 35. g4 Qxd3 36. Qg3 Qxg3+ 37. Kxg3 h5 38. Rf7+ R8g7 39. Rxg7+ Rxg7 40. Rf6 hxg4 41. hxg4 Rd7 42. Kf4 Kg7 43. Rf5 d5 44. Ke3 Re7+ 45. Kd3 Re4 46. Rxd5 Rxg4 47. Rd7+ Kf8 48. Kc3 Rg3+ 49. Kb2 Rg2+ 50. Kb3 b5 51. a4 Rg3+ 52. Kc2 bxa4 0-1

[Event "West Attica-ch U10"]
[Site "Athens"]
[Date "2009.09.10"]
[Round "5"]
[White "Kapellas, Alexandros Antonios"]
[Black "Viazis, Gerasimos"]
[Result "1-0"]
[WhiteElo "1005"]
[BlackElo "1000"]
[PlyCount "107"]
[EventDate "2009.09.08"]
[EventType "swiss"]
[EventRounds "7"]
[EventCountry "GRE"]
[SourceTitle "EXT 2011"]
[Source "ChessBase"]
[SourceDate "2010.11.26"]
[SourceVersion "1"]
[SourceVersionDate "2010.11.26"]
[SourceQuality "1"]

1. e4 e5 2. Bc4 Nf6 3. Nc3 Nc6 4. Nf3 Bc5 5. d3 Ng4 6. Rf1 d6 7. h3 Nf6 8. Bg5 Bb4 9. a3 Ba5 10. b4 Bb6 11. Nd5 h6 12. Bxf6 gxf6 13. Nxb6 axb6 14. Bb5 0-0 15. Bxc6 bxc6 16. d4 Ba6 17. Rg1 c5 18. bxc5 bxc5 19. dxc5 dxc5 20. Qxd8 Raxd8 21. Rd1 Rxd1+ 22. Kxd1 Rd8+ 23. Kc1 Bc4 24. Rd1 Be2 25. Rxd8+ Kg7 26. Rd2 Bxf3 27. gxf3 Kg6 28. Rd5 Kg5 29. Rxc5 Kh4 30. Rxc7 Kxh3 31. Kd2 h5 32. a4 h4 33. a5 Kg2 34. Ke2 h3 35. Rxf7 h2 36. Rh7 f5 37. Rxh2+ Kg1 38. Rg2+ Kh1 39. Rh2+ Kg1 40. Kd3 Kxh2 41. Kd2 f4 42. a6 Kg2 43. Ke2 Kg1 44. a7 Kh1 45. a8R Kg2 46. Rg8+ Kh3 47. c4 Kh4 48. c5 Kh5 49. c6 Kh6 50. Rg1 Kh7 51. c7 Kh6 52. c8R Kh7 53. Rc6 Kh8 54. Rh6# 1-0

[Event "West Attica-ch U10"]
[Site "Athens"]
[Date "2009.09.08"]
[Round "2"]
[White "Viazis, Gerasimos"]
[Black "Peppas, Alexandros"]
[Result "0-1"]
[WhiteElo "1000"]
[BlackElo "1010"]
[PlyCount "120"]
[EventDate "2009.09.08"]
[EventType "swiss"]
[EventRounds "7"]
[EventCountry "GRE"]
[SourceTitle "EXT 2011"]
[Source "ChessBase"]
[SourceDate "2010.11.26"]
[SourceVersion "1"]
[SourceVersionDate "2010.11.26"]
[SourceQuality "1"]

1. e4 e5 2. Nf3 Nc6 3. Bc4 Qe7 4. d3 Nf6 5. Bg5 d6 6. h3 Be6 7. Bb5 h6 8. Bxf6 Qxf6 9. Qd2 Bd7 10. Nc3 0-0-0 11. Nd5 Qe6 12. Qc3 Be7 13. Qb3 Be8 14. Bc4 f5 15. Nb6+ cxb6 16. Bxe6+ Bd7 17. Bxd7+ Kxd7 18. Nh4 Bxh4 19. Qf7+ Ne7 20. Qxg7 Bg5 21. h4 Rhg8 22. Qf7 Rdf8 23. Qh5 Ng6 24. hxg5 hxg5 25. Qxg5 Nf4 26. Qh4 Nxg2+ 27. Kf1 Nxh4 28. Rxh4 Rg7 29. exf5 Rfg8 30. Rh6 Rg1+ 31. Ke2 Rxa1 32. Rh7+ Kc8 33. f6 Rf8 34. f7 Kd8 35. Rg7 Ke7 36. Ke3 Rxf7 37. Rg4 Rxa2 38. d4 exd4+ 39. Rxd4 Rxb2 40. Ra4 Rxc2 41. Rxa7 Rc3+ 42. Kd2 Rc7 43. Ke3 Rc3+ 44. Kd4 Rc7 45. Kd5 Rc5+ 46. Kd4 Rf4+ 47. Ke3 Rh4 48. Rxb7+ Ke6 49. Rxb6 Rc3+ 50. Kd2 Ra3 51. Rb2 Rd4+ 52. Kc2 Rf3 53. Kb1 Rd1+ 54. Ka2 d5 55. Rb6+ Ke5 56. Rb1 Rd2+ 57. Rb2 Rfxf2 58. Rxd2 Rxd2+ 59. Kb3 Rd4 60. Kc3 Rh4 0-1